Taylor Swift - I Look in People's Windows ( All Lyrics) - Statistiques

Statistiques générales
  • Ce quiz a été pris 12 fois
  • Le résultat moyen est 116 sur 180
Statistiques - réponses
Réponse % Correct
A
100%
I
100%
in
100%
In
100%
look
100%
people's
100%
wind
100%
windows
100%
you
100%
You
100%
and
86%
at
86%
case
86%
eyes
86%
if
86%
'if
86%
looked
86%
me?
86%
met
86%
mine
86%
more
86%
on
86%
One
86%
table
86%
the
86%
their
86%
time
86%
up
86%
What
86%
what
86%
your
86%
you're
86%
attend
71%
Christmas
71%
deranged
71%
from
71%
I'm
71%
know
71%
Like
71%
Out,
71%
out,
71%
outside
71%
parties
71%
so
71%
So
71%
some
71%
to
71%
weirdo
71%
Does
57%
feel
57%
it
57%
knowing
57%
not
57%
addicted
43%
alright
43%
are
43%
As
43%
be
43%
blowing
43%
breath
43%
catch
43%
chances
43%
downtown
43%
Downtown
43%
only'
43%
over
43%
South,
43%
south,
43%
you'd
43%
afflicted
29%
away
29%
bound
29%
by
29%
carried
29%
death
29%
died
29%
drink
29%
friends
29%
had
29%
have
29%
meant
29%
nice
29%
North
29%
now,
29%
Now,
29%
ponder
29%
rose
29%
still
29%
They
29%
tiniest
29%
wine
29%
boarded
14%
faces
14%
feather
14%
golden
14%
got
14%
head
14%
searching
14%
spied
14%
stopped
14%
streets
14%
taken
14%
tilted
14%
train
14%
glows
0%
Transfixed
0%
tried
0%
Aucun quiz correspondant
Distribution des résultats
% des personnes avec chaque résultat
Percentile par nombre de réponses
Votre historique - résultats
Vous n’avez pas pris ce quiz